000 00489nam a22001817a 4500
999 _c6623
_d6623
003 OSt
005 20200213093544.0
008 200213b ||||| |||| 00| 0 eng d
020 _a1555971520
040 _c040a
082 _a306.85
_bGRA 1991
245 _aThe graywolf annual eight :
_bthe new family /
_cedited by Scott Walker
260 _aMinnesota
_bGraywolf press
_c1991
300 _avi, 331p;
_c12 cm.
650 _2Family
700 _aWalker, Scott
_913625
942 _2ddc
_cO_SHELF